Psychoanalytic politics : Freud's French Revolution = Política psicoanalítica : la revolución francesa de Freud /
Guardado en:
| Hovedforfatter: | |
|---|---|
| Format: | Ukendt |
| Sprog: | Spanish English |
| Udgivet: |
New York :
Basic Books,
1978.
|
| Fag: | |
| Tags: |
Tilføj Tag
Ingen Tags, Vær først til at tagge denne postø!
|
MARC
| LEADER | 000000000a22000000004500 | ||
|---|---|---|---|
| 001 | 014885 | ||
| 008 | 171113b xxu||||| |||| 00| 0 spa d | ||
| 020 | |a 0465066070 | ||
| 041 | 0 | |a eng | |
| 082 | 0 | 4 | |a 150.195.20 |b T939p |
| 100 | 1 | |a Turkle, Sherry | |
| 245 | 1 | 0 | |a Psychoanalytic politics : |b Freud's French Revolution = Política psicoanalítica : la revolución francesa de Freud / |c Sherry Turkle. |
| 246 | 3 | 1 | |a Política psicoanalítica : la revolución francesa de Freud |
| 260 | 1 | |a New York : |b Basic Books, |c 1978. | |
| 300 | |a x, 278 páginas ; |c 22 cm. | ||
| 500 | |a Colección George Yúdice | ||
| 650 | 4 | |a PSICOANALISIS | |
| 650 | 4 | |a FRANCIA | |
| 650 | 4 | |a ASPECTOS SOCIALES | |
| 650 | 4 | |a ASPECTOS POLITICOS | |
| 650 | 4 | |a SIGLO 20 | |
| 650 | 4 | |a HISTORIA | |
| 942 | |c BK |2 ddc | ||
| 999 | |c 20749 |d 20749 | ||



